[Event "Alicante Easter op 7th"]
[Site "La Nucia"]
[Date "2023.04.07"]
[Round "5"]
[White "Habans Aguerrea, Javier"]
[Black "Gomez Ledo, Roberto Carlos"]
[Result "1/2-1/2"]
[WhiteElo "2343"]
[BlackElo "2437"]
[PlyCount "94"]
[EventDate "2023.04.05"]
[EventType "swiss"]
[EventRounds "9"]
[EventCountry "ESP"]
[SourceTitle "CBM 213 Extra"]
[Source "ChessBase"]
[SourceDate "2023.05.31"]
[SourceVersion "1"]
[SourceVersionDate "2023.05.31"]
[SourceQuality "1"]

1. d4 d5 2. c4 dxc4 3. e3 Nf6 4. Bxc4 e6 5. Nf3 c5 6. 0-0 a6 7. b3 cxd4 8. Nxd4 Be7 9. Bb2 0-0 10. Nd2 b5 11. Be2 Bb7 12. a4 Nc6 13. N2f3 Qd5 14. Nxc6 Bxc6 15. Qxd5 Bxd5 16. Nd4 bxa4 17. Rxa4 a5 18. Rfa1 Bb4 19. Ba3 Bc3 20. Bxf8 Bxa1 21. Rxa1 Kxf8 22. Bf3 Rc8 23. Kf1 Rc5 24. Bxd5 Nxd5 25. Ke2 g6 26. Kd2 Nb4 27. f4 Ke7 28. Rc1 Rxc1 29. Kxc1 Kd6 30. Kd2 Kd5 31. Nb5 Kc5 32. Na3 f6 33. g3 h6 34. h3 f5 35. h4 Nd5 36. Nc2 Nf6 37. Nd4 Ne4+ 38. Kc2 Kd5 39. Ne2 Kd6 40. Kd3 Kc5 41. Kc2 Kb4 42. Nd4 Nxg3 43. Nc6+ Kb5 44. Nd8 Kc5 45. Kd3 Kd5 46. Nb7 Ne4 47. Nxa5 Nc5+ 1/2-1/2